000 00578nam a22001577a 4500
003 OSt
005 20151103144616.0
008 151103b xxu||||| |||| 00| 0 eng d
040 _cRUA
082 _aFOR ទិត 1992 B117 Or.1
100 _93269
_aទិត សុម៉ាលី
245 _aការវាយតំលៃ និងអភិវឌ្ឍន៏ធនធានព្រៃឈើក្នុងតំបន់អាងទន្លេមេគង្គ កម្ពូជា
260 _aPhnom Penh
_bRUA
_c1992
300 _a82p.
_bill.
_c29cm.
942 _2ddc
_cFOR
999 _c3050
_d3050